| 000 | 00889nam a2200277Ia 4500 | ||
|---|---|---|---|
| 003 | OSt | ||
| 005 | 20221005043907.0 | ||
| 006 | a|||||r|||| 00| 0 | ||
| 007 | ta | ||
| 008 | 221004b |||||||| |||| 00| 0 eng d | ||
| 020 |
_a0754636402 _c4208.28 |
||
| 024 | _a83295 | ||
| 037 |
_b041, 30/03/2005, Knowledge World _cTextual |
||
| 040 |
_aCRL _cCRL _beng |
||
| 041 |
_2eng _aeng |
||
| 082 | _aV6:2.N9, P4 | ||
| 100 |
_aAkiba Okon Ed. _9145646 |
||
| 245 | 0 | _aConstitutionalism and society in Africa edited by Okon Akiba | |
| 260 |
_aHants _bAshgate Publishing Limited U. K. _c2004 |
||
| 300 |
_a172p. _ccm. |
||
| 490 | _aContemporary perspectives on developing societies | ||
| 650 | _a AFRICA - HISTORY | ||
| 650 |
_aCONSTITUTIONS - AFRICA _9591996 |
||
| 942 |
_hV6:2.N9, P4 _cTEXL _2cc |
||
| 999 |
_c952556 _d952556 |
||